| 000 | 004940000a22001930004500 | ||
|---|---|---|---|
| 999 |
_c47589 _d47589 |
||
| 001 | 344 | ||
| 003 | CO-MdFUSB | ||
| 005 | 20180409160430.0 | ||
| 008 | 180409b xxu||||| |||| 00| 0 eng d | ||
| 020 | _a1-56065-803-7 | ||
| 040 | _cCO-MdBIC | ||
| 082 | 0 | 4 | _a868HC R22ch |
| 100 | 1 | _aReady, Dee | |
| 245 | 1 | 0 | _aChoferes de Autobuses escolares / Dee Ready |
| 260 | _aMinnesota : Bridgestone Books | ||
| 300 | _a24 P. | ||
| 500 | _aOtros titulos de esta serie en contraportada | ||
| 942 | _cLGB | ||